00214nam a2200073Ia 4500082001800000245003900018100004200057008004100099 aST 500.2 PHYS 0aPhysical sciences. Study guide 12  a KELDEr, Karin H. Cape Town, 2008 210817s9999 xx 000 0 und d